000 00828cam a2200253 a 4500
001 000010086
003 OSt
005 20220531083953.0
008 851004s1984 cu 000 0 spa
040 _aDO-SdBNP
_bspa
_cBNPHU
082 _aCu862.44
_bF965a
100 1 _aFulleda León, Gerardo,
_d1942-
_925064
245 1 0 _aAlgunos dramas de la colonia /
_cGerardo Fulleda León ; edición, Sonia Aragón García.
260 _aCiudad de La Habana, (Cuba) :
_bLetras Cubanas,
_c1984.
300 _a307 p. ;
_c18 cm.
490 1 _aEspiral
505 0 _aLos profanadores -- Azogue -- Plácido.
590 _aInventariado, 2020 / DG
650 4 _aTeatro cubano
_924517
650 4 _aLiteratura cubana
_ySIGLO XX
_99186
700 1 _aAragón García, Sonia,
_eed.
_925066
910 _aInventariado, 2020 / DG
942 _2ddc
_cLF1
999 _c9845
_d9845